Estadísticas para 15 principales países afectados por Covid19 - 28 de mayo

Haz click aquí para intentar la prueba.

Estadísticas generales

  • Esta prueba ha sido intentada 5 veces
  • La puntuación promedio es 18 de 25

Estadísticas de respuestas

país% Correcto
Alemania
100%
Brasil
100%
China
100%
España
100%
Estados Unidos
100%
Francia
100%
India
100%
Italia
100%
Reino Unido
100%
Bélgica
80%
Canadá
80%
Chile
80%
Chile
80%
Perú
80%
Rusia
80%
Suecia
80%
Suiza
80%
Irlanda
60%
Irán
40%
Turquía
40%
Baréin
20%
Bielorrusia
20%
Catar
20%
Kuwait
20%
Singapur
20%

Distribución de puntuación

Porcentaje por número respondido

Porcentaje de gente con cada puntuación

Historial de tus puntuaciones

No has intentado esta prueba.